LEADER 00616nab a2200145 i 4500 001 000000283207 003 CaOOAMICUS 005 20141212000000.0 008 141212n xx uu u0 0und r 013 $a36218 040 $aSeMil$bita 245 13$aLa Comunità Seminaristica Adolescenti :$balcune note per i presbiteri /$cSeminario Arcivescovile di Milano. - 19 p. ; 20 cm. - Titolo dalla copertina. 500 $aDICEMBRE 2014 [Inserto redazionale]. 773 0 $t[2013-2014].$dMilano : ITL, 2013-2014.$w()218891 996 $6245$aLa Comunità Seminaristica Adolescenti :$balcune note per i presbiteri$9(OLS)http://semarc/title/364783 LEADER 01329nam a2200313 i 4500 001 000000257422 003 CaOOAMICUS 005 20180226000000.0 008 180226s2013 xx u000 u spa u 013 $a236330 020 $a978-84-285-4134-3 040 $aSeMil$bita 100 1 $aTettamanzi, Dionigi,$c.$0(OLS)http://semarc/name/89456 240 10$aQuesta è la nostra fede!.$0(OLS)http://semarc/title/406770 245 10$aEsta es nuestra fe :$bexplicación del Credo /$cDionigi Tettamanzi. 260 $aMadrid :$bSan Pablo,$c2013. 300 $a159 p. ;$c21 cm. 490 0 $aFrontera 500 $aOmaggio card. Dionigi Tettamanzi. 650 4$aSimboli di fede - Simbolo Apostolico - Catechesi.$0(OLS)http://semarc/subject/4831 650 4$aSimboli di fede - Commenti.$0(OLS)http://semarc/subject/2078 830 0$aFrontera.$0(OLS)http://semarc/title/401987 850 $aSeMil 852 $aSeMil$W1$xVenegono$y1$m2F III 595$j256425$B207768$CSeMilBibl$Z2$F221559 $81 941 1 $a5 961 $aLascito: Tettamanzi Card. Dionigi 996 $6020$a978-84-285-4134-3$9(OLS)http://semarc/number/282177 996 $6245$aEsta es nuestra fe :$bexplicación del Credo$9(OLS)http://semarc/title/412832 996 $6260$aMadrid :$bSan Pablo$9(OLS)http://semarc/publisher/32853